|
|
|
|
| LEADER |
00000nam0a2200000 4500 |
| 001 |
259803 |
| 005 |
20231101233423.0 |
| 035 |
|
|
|a (RuTPU)RU\TPU\book\282749
|
| 090 |
|
|
|a 259803
|
| 100 |
|
|
|a 20140512d1967 km y0rusy50 ca
|
| 101 |
1 |
|
|a rus
|c eng
|
| 102 |
|
|
|a RU
|
| 105 |
|
|
|a a z 001zy
|
| 200 |
1 |
|
|a Теория ядра
|e пер. с англ.
|f А. Лейн
|
| 210 |
|
|
|a Москва
|c Атомиздат
|d 1967
|
| 215 |
|
|
|a 254 с.
|c ил.
|
| 320 |
|
|
|a Библиогр.: с. 248-250.
|
| 606 |
1 |
|
|a Ядерная физика
|2 stltpush
|3 (RuTPU)RU\TPU\subj\21560
|9 46524
|
| 610 |
1 |
|
|a силы спаривания
|
| 610 |
1 |
|
|a возникновение
|
| 610 |
1 |
|
|a влияние
|
| 610 |
1 |
|
|a N-частицы
|
| 610 |
1 |
|
|a метод Беймана
|
| 610 |
1 |
|
|a квазичастицы
|
| 610 |
1 |
|
|a бозонное приближение
|
| 610 |
1 |
|
|a коллективные движения
|
| 610 |
1 |
|
|a модель Бора-Моттельсона
|
| 610 |
1 |
|
|a метод линеаризации
|
| 610 |
1 |
|
|a ядра
|
| 610 |
1 |
|
|a теория
|
| 610 |
1 |
|
|a метод Хартри-Фока
|
| 610 |
1 |
|
|a гамильтонианы
|
| 675 |
|
|
|a 539.14
|v 3
|
| 700 |
|
1 |
|a Лейн
|b А.
|
| 801 |
|
1 |
|a RU
|b 63413507
|c 20140512
|
| 801 |
|
2 |
|a RU
|b 63413507
|c 20160205
|g RCR
|
| 942 |
|
|
|c BK
|